Distibución territorial de las reguas mapuches a principios del siglo XVII (1600-1620) /

A través de este estudio presentamos una aproximación al espacio geográfico utilizado por los distintos linajes mapuches durante los episodios de beligerancia en los primeros años del siglo XVII.

Bibliographic Details
Main Author: Ortiz Aguilera, Carlos
Format: Analitica de revista
Language:Spanish
Published: Chillán Universidad del Bio-Bio 2007
Subjects:

MARC

LEADER 00000cab a2200000 a 4500
001 044411
003 UAHC_CL
005 20170803124918.0
008 091029b2007 cl 000 spa
040 |a UAHC_CL  |c UAHC_CL  |d UAHC_CL 
100 1 |a Ortiz Aguilera, Carlos 
245 1 0 |a Distibución territorial de las reguas mapuches a principios del siglo XVII (1600-1620) /  |c Carlos Ortiz Aguilera. 
260 |b Universidad del Bio-Bio  |a Chillán  |c 2007 
300 |a p. 145-160 
500 |a En: Revista Tiempo y espacio. Año 15, no. 18, 2007. pp. 145-160. ISSN: 0716-9671. 
500 |a En: Revista Tiempo y espacio. Año 15, no. 18, 2007. pp. 145-160. ISSN: 0716-9671. 
520 |a A través de este estudio presentamos una aproximación al espacio geográfico utilizado por los distintos linajes mapuches durante los episodios de beligerancia en los primeros años del siglo XVII. 
520 |a A través de este estudio presentamos una aproximación al espacio geográfico utilizado por los distintos linajes mapuches durante los episodios de beligerancia en los primeros años del siglo XVII. 
650 4 |a MAPUCHE 
650 4 |a TERRITORIALIDAD 
653 |a GEOGRAFIA 
653 |a LICENCIATURA EN HISTORIA 
653 |a PEDAGOGIA EN HISTORIA Y CIENCIAS SOCIALES 
759 |a PP162 
773 0 |t Revista Werkén : arqueología antropología historia.  |w 049350 
900 |a TIEMPO ESPAC.-18/07 
942 |c REVA 
952 |0 0  |1 0  |4 0  |6 TIEMPO_ESPAC_18_07_000000000000000  |7 0  |8 General  |9 82085  |a BC  |b BC  |c General  |d 2017-08-03  |l 0  |o TIEMPO ESPAC.-18/07  |p FICTICIO7805  |r 2019-01-08 00:00:00  |t 1  |w 2017-08-03  |y REVA 
999 |c 44411  |d 44411